000
00248nam a22001097a 4500
082
_a
604.2 PAR
100
_a
PARKINSON, A.C
_9
40152
245
_a
A FIRST YEAR ENGINEERING DRAWING
260
_a
KARACHI
_b
PITMAN
_c
1966
300
_a
185P
942
_c
BK
999
_c
569704
_d
569704